LEADER 01259nam0-2200409---450- 001 990009275000403321 005 20160902094432.0 010 $a978-0-471-45593-6 035 $a000927500 035 $aFED01000927500 035 $a(Aleph)000927500FED01 035 $a000927500 100 $a20101108d2008----km-y0itay50------ba 101 0 $aeng 102 $aUS 105 $a--------001yy 200 1 $aSoftware testing and analysis$eprocesses, principles, and techniques$fMauro Pezzè, Michal Young 210 $aHoboken (NJ)$cJ. Wiley$dc2008 215 $aXXII, 488 p.$cill.$d24 cm 610 0 $aElaboratori elettronici$aProgrammi$aValutazione 610 0 $aElaboratori elettronici$aProgrammi$aControllo di qualità 676 $a005.30287 700 1$aPezzè,$bMauro$0509076 701 1$aYoung,$bMichal$0509077 801 0$aIT$bUNINA$gRICA$2UNIMARC 901 $aBK 912 $a990009275000403321 952 $a10 C 600$bBIBLIODIETI57/2016$fDINEL 952 $a13 P 02 19$b17061$fFINBC 952 $a13 H 54 13$b17062$fFINBC 952 $a23 05 A 13$b17063$fFINAG 952 $a23 05 A 14$b17064$fFINAG 959 $aFINBC 959 $aFINAG 959 $aDINEL 996 $aSoftware testing and analysis$9769017 997 $aUNINA LEADER 01168nam a2200325 i 4500 001 991001039019707536 005 20020502182747.0 008 980420s1995 uk ||| | eng 020 $a0761950850 035 $ab11454957-39ule_inst 035 $aPRUMB53919$9ExL 040 $aDip. SSSC$bita 100 1 $aFeatherstone, Mike$0143807 245 10$aCyberspace/cyberbodies/cyberpunk :$bcultures of technological embodiment /$cedited by Mike Featherstone and Roger Burrows 260 $aLondon ; Thousand Oaks, Calif :$bSage,$c1995 300 $a280 p. ;$c24 cm. 490 0 $aTheory, culture & society 500 $aIncludes bibliographical references and index. 650 4$aCibernetica 650 4$aCorpo umano$xAspetti sociali 650 4$aRealtà virtuali 650 4$aSocietà e Informazione 700 1 $aBurrows, Roger 740 0 $aBody & society 907 $a.b11454957$b01-03-17$c01-07-02 912 $a991001039019707536 945 $aLE021 NAL40$g1$i2021000009358$lle021$o-$pE0.00$q-$rl$s- $t0$u0$v0$w0$x0$y.i11641812$z01-07-02 996 $aCyberspace$9820153 997 $aUNISALENTO 998 $ale021$b01-01-98$cm$da $e-$feng$guk $h0$i1 LEADER 02964oam 2200313z- 450 001 996198207903316 005 20221021222850.0 010 $a0-585-12571-6 035 $a(CKB)111004368659628 035 $a(BIP)047200723 035 $a(EXLCZ)99111004368659628 100 $a20190505c1997uuuu -u- - 101 0 $aeng 200 10$aFinding a social voice $ethe church and Marxism in Africa /$fby Joseph C. McKenna 215 $a1 online resource (255 p.) $cill 311 $a0-8232-1713-2 311 $a0-8323-1712-8 330 8 $aFrom the late 1960s until the mid-1980s, the influence of Marxist ideas expanded in sub-Saharan Africa. The Catholic Church saw this influence as likely to affect the accomplishment of its mission, and its pastoral efforts accordingly sought to deal with the Marxist thrust. In the late 1980s, Marxist influence in Africa declined sharply as Marxist political dominance became less intense. Nevertheless, the Church's encounter with Afrcian Marxism constituted an important chapter in both secular and ecclesiastical history. Finding a Social Voice records and analyzes the significant elements of this encounter. Father McKenna's book investigates how postcolonial African regimes under varying degree of Marxist influence have interacted with the Catholic Church, and studies how the Chruch has grown through its response to that interaction. The book contributes greatly to the virtually unexplored topic of church-state interaction in contemporary Africa. McKenna's claim that the Catholic Chruch's response to Marxism was a "part of its coming to maturity," part of its bringing its social perspective to bear on the processes of political, economic, and social modernization through which traditional cultures were passing, is an important contribution to the more recent literature on the emergence of "civil society" in Sub-Saharan Africa. The text also provides an introduction to post-Vatican II understandings of ecclesiastical activity in Africa. It reviews the theory and practice of Marxism as developed by Marx, Engels, Lenin, and the leaders of Soviet Russia and other Communist countries. It then presents an overview of the ways in which Marxist influence worked in Africa and a similar overview of how the Church functioned and was affected by that influence. Finally, the book offers case-studies on the interaction of Marxism and the Church in four diverse Africa countries: Mozambique, Madagascar, Zimbabwe, and Zambia. The introductory chapters make this book accessible to the general reader; the book as a whole is an enrichment of our understanding of contemporary Africa. 610 $aCommunism and christianity 610 $aCommunism 610 $aCatholic church 610 $aPolitical science 610 $aReligion 676 $a261.2/1 700 $aMcKenna$b Joseph C.$00 906 $aBOOK 912 $a996198207903316 996 $aFinding a Social Voice$92141371 997 $aUNISA